• 首页
  • 本馆介绍
  • 公告通知
  • 最新文献
  • 馆藏检索
  • 电子资源
  • 读者导购
  • 参考咨询
  • 我的图书馆
  • 登录
  • 详细信息显示
  • 放入我的书架
  • 预约/预借图书
  • 作者相关作品
  • 分类相关作品
  • 丛书相关作品
  • 出版社相关作品

书目信息

  • 表格格式
  • 工作单格式
  • 卡片格式
题名:
黑暗时代的人们
    
 
作者: 阿伦特 著 ;王凌云 译
分册:  
出版信息: 南京   江苏教育出版社  2006
页数: 257页
开本: 22cm
丛书名: 彼岸人文译丛
单 册:
中图分类: B505 , K815.6=5
科图分类:
主题词: 哲学家--人物研究--世界--现代 , 作家--人物研究--世界--现代 , 哲学家 , 作家
电子资源:
ISBN: 7-5343-7401-4
000 00941oam2 2200301 450
001 1132578777
005 20111004090347.39
010    @a7-5343-7401-4@dCNY24.00
100    @a20061030d2006 em y0chiy50 ea
101 1  @achi@ceng
102    @aCN@b320000
105    @ay z 000yd
200 1  @a黑暗时代的人们@9hei an shi dai de ei ren men@dMen in dark times@f(美)汉娜·阿伦特(Hannah Arendt)著@g王凌云译@zeng
210    @a南京@c江苏教育出版社@d2006
215    @a257页@d22cm
225 2  @a彼岸人文译丛
461  0 @12001 @a彼岸人文译丛
510 1  @aMen in dark times@zeng
606 0  @a哲学家@x人物研究@y世界@z现代
606 0  @a作家@x人物研究@y世界@z现代
606 0  @a哲学家
606 0  @a作家
690    @aB505@v4
690    @aK815.6=5@v4
701  0 @c(美)@a阿伦特@9a lun te@c(Arendt, Hannah@f1906~1975)@4著
702  0 @a王凌云@9wang ling yun@c(社会科学)@4译
801  0 @aCN@b91MARC@c20101222
905    @a10447@dB505@eJY125
    
    黑暗时代的人们=Men in dark times/(美)汉娜·阿伦特(Hannah Arendt)著/王凌云译.-南京:江苏教育出版社,2006
    257页;22cm.-(彼岸人文译丛)
    
    
    ISBN 7-5343-7401-4:CNY24.00
    
●
相关链接 在E读中查询图书 在五车中查询图书 在当当中查询图书 在豆瓣中查询图书


正题名:黑暗时代的人们     索取号:B505/JY125         预约/预借

序号 登录号 条形码 馆藏地/架位号 状态 备注
1 7809879   278098791   学院路分馆/ [索取号:B505/JY125] 在馆    
2 7809880   278098808   学院路分馆/ [索取号:B505/JY125] 在馆    
唐山师范学院图书馆 欢迎您!
大连网信软件有限公司© 版权所有